| 000 | 00798nam a2200241Ia 4500 | ||
|---|---|---|---|
| 003 | IN-BaIIA | ||
| 008 | 211028s9999 xx s 000 0 eng d | ||
| 020 | _a978-2-7598-1833-4 (Online) | ||
| 022 | _a1633-4760 (Print) | ||
| 022 | _a1638-1963 (Online) | ||
| 040 | _cIIA Library | ||
| 100 |
_aMillour, F., ed. _938256 |
||
| 245 | 0 |
_aWhat the Highest Angular Resolution Can Bring to Stellar Astrophysics? _h[eBook] |
|
| 260 |
_aFrance _bEDP Sciences _c2014 |
||
| 300 | _a375p. | ||
| 490 | _aEAS Publications Series | ||
| 700 |
_aBigot, L. _938257 |
||
| 700 |
_aChesneau,O. _938258 |
||
| 700 |
_aChiavassa, A. _938259 |
||
| 700 |
_aMeilland, A. _938260 |
||
| 856 |
_uhttps://www.eas-journal.org/articles/eas/abs/2014/04/contents/contents.html _yClick Here to Access eBook |
||
| 942 | _cEB | ||
| 999 |
_c20662 _d20662 |
||